| 000 | 00794nam a2200265Ia 4500 | ||
|---|---|---|---|
| 003 | GCL | ||
| 008 | 140319s9999 xx 000 0 ara d | ||
| 040 |
_aGCL / _cGCL |
||
| 082 | 0 | 4 |
_a657 _bم ن |
| 100 | 1 | _aمحمد كمال عطية | |
| 245 | 1 | 0 |
_aنظم محاسبية فى الاسلام / _cمحمد كمال عطية |
| 260 |
_a[S.N] : _bمكتبة وهبة ، _c1989 |
||
| 300 | _a483 ص | ||
| 490 | _a | ||
| 650 | 0 | 4 | _aالاسلام |
| 650 | 0 | 4 | _aالاستثمار |
| 650 | 0 | 4 | _aالبنوك الاسلامية |
| 650 | 0 | 4 | _aالبنوك |
| 650 | 0 | 4 | _aالنظام المالى |
| 650 | 0 | 4 | _aراس المال |
| 650 | 0 | 4 | _aالاقتصاد والاسلام |
| 650 | 0 | 4 | _aالبنوك - محاسبة |
| 650 | 0 | 4 | _aالحسابات المصرفية |
| 942 |
_2ddc _cBK |
||
| 999 |
_c66930 _d66930 |
||